Oregano : The Genera Origanum and Lippia /

Contenido: Introducción; Botánica; taxonomía y química; Cultivo y crianza; Farmacología; Uso del orégano en la industria alimenticia; Biotecnología.

Gardado en:
Detalles Bibliográficos
Autor Principal: Kintzios, Spiridon E. (ed.)
Formato: Libro
Idioma:inglés
Publicado: Londres, Inglaterra : Taylor and Francis, 2002, c2002
Series:(Medicinal and Aromatic Plants-Industrial Profiles ; 25)
Temas:
Etiquetas: Engadir etiqueta
Sen Etiquetas, Sexa o primeiro en etiquetar este rexistro!

MARC

LEADER 00000nam^a2200000^a^4500
001 000181209
005 20250521000000.0
009 20260310101925.784
020 |a 0-415-36943-6 
037 |a Acervo ITESO - Biblioteca 
041 |a ING 
082 |a 633. 88387  |b KIN 
100 |a Kintzios, Spiridon E.  |e (ed.) 
245 1 0 |a Oregano :  |b The Genera Origanum and Lippia /  |c Ed. de S.E. Kintzios. 
264 4 |a Londres, Inglaterra :  |b Taylor and Francis,  |c 2002, c2002 
300 |a XIII, 277 p. 
336 |a texto  |b txt  |2 rdacontenido 
337 |a sin mediación  |b n  |2 rdamedio 
338 |a volumen  |b nc  |2 rdasoporte 
440 1 |a (Medicinal and Aromatic Plants-Industrial Profiles ;  |v 25) 
520 |a Contenido: Introducción; Botánica; taxonomía y química; Cultivo y crianza; Farmacología; Uso del orégano en la industria alimenticia; Biotecnología. 
649 |a XX 
650 |a Orégano 
650 |a Plantas Medicinales 
650 |a Plantas -  |x Cultivo 
650 |a Especias y Condimentos -  |x Industria y Comercio 
650 |a Industria Alimenticia 
910 |a Fondo General 
920 |a Impresos - Libros 
930 |a Colección General 
905 |a 101 
901 |a 0500120758  |b IT1  |c ACC  |u 20250521 
902 |a https://opac.biblio.iteso.mx/vufind/Record/000181209